000 00509nam a22001697a 4500
003 MPLRDC
005 20220104143741.0
008 210129b ||||| |||| 00| 0 eng d
082 _a524.916 DZ 1975-1986
100 _a独中工委会考试局
245 _a科学: 历届试题集(第一辑) 1975-1986
_c
260 _a
_b马来西亚华校董事联合
_c1994
300 _b
490 _a马来西亚华文独中初中统考
650 _a中等教育--初中科学
942 _cBK
_o524.916 DZ 1975-1986
999 _c42977
_d42967